| 000 | 00373nam a2200145Ia 4500 | ||
|---|---|---|---|
| 008 | 230312s9999||||xx |||||||||||||| ||und|| | ||
| 020 | _a9781119311188 | ||
| 082 |
_a005.446 _bMCF-T |
||
| 100 | _aMcFedries,Paul | ||
| 245 | 0 | _aTeach Yourself Visually Windows 10 | |
| 260 |
_bVisual A Wiley Brand _aUSA _c2016 |
||
| 300 | _a340 | ||
| 650 |
_aComputer _vComputer |
||
| 942 | _cBK | ||
| 999 |
_c15869 _d15869 |
||